| 000 | 01388cam a22003131i 4500 | ||
|---|---|---|---|
| 003 | SA-RiAUC | ||
| 005 | 20241109104414.0 | ||
| 008 | 241101s2014____le g b 00010 ara c | ||
| 020 | _a9786144370711 | ||
| 035 | _aADRIF2018-1997 | ||
| 040 |
_aSA-RiIMS _bara _cSA-RiAUC _erda |
||
| 050 | 4 | _b.M64 2014 | |
| 082 | 0 | 4 |
_a259.3 _qSA-RiAUC |
| 090 |
_a259.3 _bم ح م |
||
| 100 | 1 |
_aمحمد الكردي، محمد بن سليمان الكردي، _cالشيخ، _d1127-1194 هجري _eمؤلف. |
|
| 245 | 1 | 2 |
_aالفوائد المدنية في بيان من يفتى بقوله من السادة الشافعية / _cمحمد بن سليمان الكردي المدني ؛ تحقيق ودراسة محمد بن أحمد بن محمود عارف الشافعي. |
| 250 | _aالطبعة الأولى. | ||
| 264 | 1 |
_aبيروت : _bدار البشائر الإسلامية، _c2014 |
|
| 300 |
_a384 صفحة ؛ _c24 سم |
||
| 336 |
_aنص _btxt _2rdacontent _3كتاب |
||
| 337 |
_aبدون وسيط _bn _2rdamedia |
||
| 338 |
_aمجلد _bnc _2rdacarrier |
||
| 500 | _aيشتمل على كشافات. | ||
| 504 | _aيشتمل على إرجاعات ببليوجرافية. | ||
| 650 | 7 |
_aالفقه الشافعي _2aucsh |
|
| 700 | 1 |
_aالشافعي، محمد بن أحمد بن محمود _eمحقق. |
|
| 942 |
_2ddc _cBOOK _n0 |
||
| 949 |
_aSA-JeALM _d241101 _umohamedma123 _n1 |
||
| 999 |
_c2202 _d2202 |
||